Propuestas para el sector agropecuario
Guardado en:
| Format: | Texto |
|---|---|
| Fag: | |
| Tags: |
Tilføj Tag
Ingen Tags, Vær først til at tagge denne postø!
|
MARC
| LEADER | 00000 a a2200000 04500 | ||
|---|---|---|---|
| 001 | 3995 | ||
| 003 | |||
| 040 | |||
| 245 | |a Propuestas para el sector agropecuario | ||
| 650 | |a SECTOR AGRICOLA | ||
| 650 | |a POLITICA AGRICOLA | ||
| 650 | |a PARIDOS POLITICOS | ||
| 650 | |a COSTA RICA | ||
| 773 | |g número 33; páginas 26-29 | ||
| 999 | |c 27696 |d 27696 | ||
